دوائر عملية لأجهزة شحن البطاريات و إضاءة الطوارىء / (Record no. 96562)

MARC details
000 -LEADER
fixed length control field 00796nam a22002297a 4500
005 - DATE AND TIME OF LATEST TRANSACTION
control field 20251108173124.0
008 - FIXED-LENGTH DATA ELEMENTS--GENERAL INFORMATION
fixed length control field 250721s2004 xx 000 0 ara d
020 ## - INTERNATIONAL STANDARD BOOK NUMBER
International Standard Book Number 9775526892
082 14 - DEWEY DECIMAL CLASSIFICATION NUMBER
Classification number 621.32/عبد
100 1# - MAIN ENTRY--PERSONAL NAME
Personal name عبد المتعال، أحمد
245 10 - TITLE STATEMENT
Title دوائر عملية لأجهزة شحن البطاريات و إضاءة الطوارىء /
264 1# - PRODUCTION, PUBLICATION, DISTRIBUTION, MANUFACTURE, AND COPYRIGHT NOTICE
Place of production, publication, distribution, manufacture القاهرة :
Name of producer, publisher, distributor, manufacturer دار النشر للجامعات،
Date of production, publication, distribution, manufacture, or copyright notice 2004.
300 ## - PHYSICAL DESCRIPTION
Extent 189ص
490 0# - SERIES STATEMENT
Series statement سلسلة المشاريع الإلكترونية
Volume/sequential designation 8
650 17 - SUBJECT ADDED ENTRY--TOPICAL TERM
Topical term or geographic name as entry element الهندسة الإلكترونية
650 17 - SUBJECT ADDED ENTRY--TOPICAL TERM
Topical term or geographic name as entry element البطاريات
650 17 - SUBJECT ADDED ENTRY--TOPICAL TERM
Topical term or geographic name as entry element الإضاءة
650 17 - SUBJECT ADDED ENTRY--TOPICAL TERM
Topical term or geographic name as entry element البطاريات الكهربائية
700 1# - ADDED ENTRY--PERSONAL NAME
Personal name متولي، حمدي السيد
942 ## - ADDED ENTRY ELEMENTS (KOHA)
Source of classification or shelving scheme Dewey Decimal Classification
Koha item type Books
Holdings
حالة السحب حالة الفقدان مصدر التصنيف حالة التلف غير قابل للإعارة المكتبة الرئيسية المكتبة الحالية موقع الرف تاريخ التزويد الرقم المتسلسل Total Checkouts رقم الإستدعاء الباركود تاريخ آخر ظهور تاريخ الفاتورة نوع المادة (كوها)
    Dewey Decimal Classification     المكتبة المركزية المكتبة المركزية الإعارة 28/07/2025 855453   621.32/عبد 855453 28/07/2025 28/07/2025 Books
Implemented & Customized by: BBB with SCIT (Smart Chains for Information Technology)

Powered by Koha